L'impérialisme, stade suprême du capitalisme / V. I. Lénine
Publicado:
Paris . Éditions Sociales Internationales :
1935
Descripción Física:
151 p. ; 23 cm
Colección:
Bibliothèque marxiste ; 18
MARC
| LEADER | 00000nam a2200000Ia 4500 | ||
|---|---|---|---|
| 001 | 810 | ||
| 008 | 160829s1935 xx 000 0 cat d | ||
| 080 | |a M-1-303 | ||
| 100 | |a Lenin, Vladimir Ilitx | ||
| 245 | |a L'impérialisme, stade suprême du capitalisme / V. I. Lénine | ||
| 250 | |a Nouvelle éd., rev. et corr. | ||
| 260 | |a Paris . Éditions Sociales Internationales, |c 1935 | ||
| 300 | |a 151 p. ; |c 23 cm | ||
| 490 | |a Bibliothèque marxiste ; 18 | ||
| 650 | |a Imperialisme |9 37990 | ||
| 650 | |a Capitalisme |9 33386 | ||
| 901 | |a Arxiu | ||
| 942 | |n 1 | ||
| 952 | |0 0 |1 0 |4 0 |6 M1303 |7 1 |9 48186 |a Arxiu |b Arxiu |d 2016-12-01 |l 0 |o M-1-303 |p 810 |r 2016-12-01 00:00:00 |w 2016-12-01 |y ARXIU | ||
| 999 | |c 51992 |d 51992 | ||